[Event "Avoine op 24th"]
[Site "Avoine"]
[Date "2009.07.24"]
[Round "7"]
[White "Dubin, Stephane"]
[Black "Noe, Jean Jacques"]
[Result "1-0"]
[WhiteElo "2110"]
[BlackElo "1890"]
[PlyCount "59"]
[EventDate "2009.07.18"]
[EventType "swiss"]
[EventRounds "9"]
[EventCountry "FRA"]
[SourceTitle "CBM 131 Extra"]
[Source "ChessBase"]
[SourceDate "2009.09.03"]
[SourceVersion "2"]
[SourceVersionDate "2009.09.16"]
[SourceQuality "1"]

1. e4 e6 2. d4 d5 3. Nc3 Nf6 4. Bg5 Bb4 5. e5 h6 6. Bd2 Bxc3 7. bxc3 Ne4 8. Qg4 Kf8 9. h4 Nxd2 10. Kxd2 c5 11. Rh3 Qa5 12. Kd1 c4 13. Rg3 Rg8 14. Nh3 Nc6 15. Rf3 Bd7 16. Nf4 Ke7 17. Nh5 Raf8 18. Nxg7 Kd8 19. Qf4 Kc8 20. Qxh6 Qa3 21. Qg5 Qb2 22. Rc1 Nxd4 23. cxd4 Qxd4+ 24. Ke1 Qe4+ 25. Re3 Qh7 26. Rg3 Qe4+ 27. Be2 d4 28. h5 Bb5 29. Kf1 Kb8 30. Bf3 1-0

[Event "Avoine op 24th"]
[Site "Avoine"]
[Date "2009.07.22"]
[Round "5"]
[White "Dubin, Stephane"]
[Black "Le Ray, Jean Yves"]
[Result "1-0"]
[WhiteElo "2110"]
[BlackElo "1959"]
[PlyCount "81"]
[EventDate "2009.07.18"]
[EventType "swiss"]
[EventRounds "9"]
[EventCountry "FRA"]
[SourceTitle "CBM 131 Extra"]
[Source "ChessBase"]
[SourceDate "2009.09.03"]
[SourceVersion "2"]
[SourceVersionDate "2009.09.16"]
[SourceQuality "1"]

1. e4 d5 2. exd5 Nf6 3. Bb5+ Bd7 4. Bc4 Bg4 5. f3 Bc8 6. Nc3 Nbd7 7. d3 Nb6 8. Nge2 Nfxd5 9. Nxd5 Nxd5 10. Nf4 c6 11. Qe2 g6 12. Nxd5 cxd5 13. Qe5 f6 14. Qxd5 Qxd5 15. Bxd5 e6 16. Bc4 Bc5 17. Ke2 Ke7 18. Be3 Bxe3 19. Kxe3 e5 20. f4 exf4+ 21. Kxf4 Bd7 22. Rhe1+ Kd6 23. Re2 Rae8 24. Rae1 Rxe2 25. Rxe2 Re8 26. Rxe8 Bxe8 27. d4 Bd7 28. Bd3 b5 29. h4 a5 30. c3 Kd5 31. Ke3 f5 32. b3 h6 33. c4+ bxc4 34. bxc4+ Kd6 35. Kf4 Be8 36. h5 g5+ 37. Kxf5 Bxh5 38. Ke4 Bf7 39. c5+ Ke7 40. a3 Be8 41. d5 1-0

[Event "Avoine op 23rd"]
[Site "Avoine"]
[Date "2008.07.26"]
[Round "8"]
[White "Dubin, Stephane"]
[Black "Thoue, Jean Claude"]
[Result "1-0"]
[WhiteElo "2103"]
[BlackElo "1679"]
[PlyCount "47"]
[EventDate "2008.07.19"]
[EventType "swiss"]
[EventRounds "9"]
[EventCountry "FRA"]
[SourceTitle "CBM 125 Extra"]
[Source "ChessBase"]
[SourceDate "2008.09.01"]
[SourceVersion "1"]
[SourceVersionDate "2008.09.01"]
[SourceQuality "1"]

1. e4 e6 2. d4 d5 3. Nc3 Bb4 4. e5 c5 5. a3 Bxc3+ 6. bxc3 Ne7 7. Qg4 Qc7 8. Qxg7 Rg8 9. Qxh7 cxd4 10. Ne2 Nbc6 11. f4 Bd7 12. Qd3 dxc3 13. Nxc3 a6 14. Rb1 Rc8 15. Bd2 Nf5 16. g4 Rxg4 17. Bh3 Rg8 18. Bxf5 Nxe5 19. Qe2 Nc4 20. Nxd5 Qd8 21. Bc3 Qh4+ 22. Kd1 Rc5 23. Nf6+ Kd8 24. Nxg8 1-0

[Event "Avoine op 23rd"]
[Site "Avoine"]
[Date "2008.07.20"]
[Round "2"]
[White "Dubin, Stephane"]
[Black "Gerard, Nicolas"]
[Result "0-1"]
[WhiteElo "2103"]
[BlackElo "2274"]
[PlyCount "98"]
[EventDate "2008.07.19"]
[EventType "swiss"]
[EventRounds "9"]
[EventCountry "FRA"]
[SourceTitle "CBM 125 Extra"]
[Source "ChessBase"]
[SourceDate "2008.09.01"]
[SourceVersion "1"]
[SourceVersionDate "2008.09.01"]
[SourceQuality "1"]

1. e4 c5 2. Nf3 d6 3. d4 cxd4 4. Nxd4 Nf6 5. Nc3 a6 6. Bg5 e6 7. f4 Nc6 8. Qd2 h6 9. Bxf6 Qxf6 10. Nf3 Qd8 11. 0-0-0 Be7 12. Bd3 Qa5 13. Kb1 Bd7 14. h4 0-0-0 15. g4 Bf6 16. Ne2 Qxd2 17. Rxd2 Nb4 18. Ng3 Nxd3 19. cxd3 Be7 20. d4 Kb8 21. Rhh2 Rc8 22. g5 g6 23. Nf1 hxg5 24. hxg5 Bc6 25. d5 exd5 26. exd5 Rxh2 27. N3xh2 Bd7 28. Ne3 Rh8 29. Nhg4 Rh3 30. Rd4 Bd8 31. Re4 Bf5 32. Nxf5 gxf5 33. Nf2 Rf3 34. Re8 Kc7 35. Rf8 Rxf2 36. Rxf7+ Kb6 37. Rxf5 Re2 38. Rf8 Kc7 39. Rf7+ Kc8 40. a3 Bb6 41. Rf6 Be3 42. Ka2 Bd4 43. Rf8+ Kc7 44. Rf7+ Kb6 45. Kb3 Kc5 46. Ka4 Rxb2 47. g6 Bc3 48. Rc7+ Kd4 49. Rg7 b5# 0-1

[Event "Avoine op 22nd"]
[Site "Avoine"]
[Date "2007.07.24"]
[Round "4"]
[White "Marie, Maxime"]
[Black "Dubin, Stephane"]
[Result "1-0"]
[WhiteElo "2226"]
[BlackElo "2089"]
[PlyCount "97"]
[EventDate "2007.07.21"]
[EventType "swiss"]
[EventRounds "9"]
[EventCountry "FRA"]
[SourceTitle "EXT 2010"]
[Source "ChessBase"]
[SourceDate "2010.11.25"]
[SourceVersion "1"]
[SourceVersionDate "2010.11.25"]
[SourceQuality "1"]

1. b3 e5 2. Bb2 Nc6 3. e3 d6 4. d4 Nf6 5. Nf3 e4 6. Nfd2 Bg4 7. Be2 Bxe2 8. Qxe2 d5 9. a3 Qd7 10. c4 Ne7 11. Nc3 c6 12. Rc1 g6 13. cxd5 cxd5 14. Qb5 Rc8 15. Qxd7+ Kxd7 16. Ke2 Nc6 17. b4 Bd6 18. Nb3 b6 19. f3 exf3+ 20. gxf3 Rhe8 21. Kd3 Ne7 22. e4 Bf4 23. Rc2 Nh5 24. Nc1 Rc4 25. N1e2 Rec8 26. Bc1 Bxc1 27. Rhxc1 R4c7 28. b5 Nf6 29. a4 h5 30. Rg1 Kd8 31. Ra2 h4 32. a5 Rb8 33. axb6 axb6 34. Ra6 Kd7 35. Na4 Nc8 36. Nf4 dxe4+ 37. fxe4 Ra7 38. Rxa7+ Nxa7 39. e5 Ne8 40. Nd5 Nxb5 41. Rb1 Nbc7 42. Ndxb6+ Kd8 43. Rf1 Ke7 44. d5 Na8 45. d6+ Ke6 46. Kd4 Nxd6 47. Nc5+ Ke7 48. Nd5+ Ke8 49. exd6 1-0

[Event "Avoine op 20th"]
[Site "Avoine"]
[Date "2005.07.24"]
[Round "2"]
[White "Maillard, Julien"]
[Black "Dubin, Stephane"]
[Result "0-1"]
[WhiteElo "1990"]
[BlackElo "2118"]
[PlyCount "74"]
[EventDate "2005.07.23"]
[EventType "swiss"]
[EventRounds "9"]
[EventCountry "FRA"]
[SourceTitle "EXT 2007"]
[Source "ChessBase"]
[SourceDate "2006.11.23"]
[SourceVersion "1"]
[SourceVersionDate "2006.11.23"]
[SourceQuality "1"]

1. e4 Nc6 2. Nc3 e6 3. Nf3 d5 4. exd5 exd5 5. d4 Bf5 6. Bb5 Bb4 7. Bxc6+ bxc6 8. Bd2 Ne7 9. 0-0 0-0 10. Ne5 f6 11. Nf3 Bg4 12. h3 Bh5 13. a3 Bd6 14. g4 Bf7 15. Ne2 Rb8 16. b4 Qd7 17. Bf4 h5 18. Bxd6 hxg4 19. Bxe7 gxf3 20. Nf4 Qxe7 21. Qxf3 Rbe8 22. Rfe1 Qxe1+ 23. Rxe1 Rxe1+ 24. Kh2 Rfe8 25. Ng2 R1e2 26. Ne3 R8xe3 27. Qxe3 Rxe3 28. fxe3 Bg6 29. c3 Kf7 30. Kg3 Ke6 31. Kf4 Bd3 32. h4 g6 33. a4 Kf7 34. a5 Ke6 35. Kg4 Be2+ 36. Kf4 Bd3 37. Kg4 Kf7 0-1

[Event "Avoine op 17th"]
[Site "Avoine"]
[Date "2002.07.20"]
[Round "1"]
[White "Grooten, Herman"]
[Black "Dubin, Stephane"]
[Result "1-0"]
[WhiteElo "2375"]
[BlackElo "2126"]
[PlyCount "81"]
[EventDate "2002.07.20"]
[EventType "swiss"]
[EventRounds "9"]
[EventCountry "FRA"]
[SourceTitle "CBM 089 Extra"]
[Source "ChessBase"]
[SourceDate "2002.09.10"]
[SourceVersion "2"]
[SourceVersionDate "2002.09.10"]
[SourceQuality "1"]

1. d4 Nf6 2. c4 g6 3. Nc3 Bg7 4. e4 d6 5. Nf3 0-0 6. Be2 e5 7. Be3 Nc6 8. d5 Ne7 9. Nd2 Nd7 10. Qc2 f5 11. f3 Nf6 12. c5 fxe4 13. fxe4 Bg4 14. Nc4 Qd7 15. Bd3 c6 16. dxc6 Nxc6 17. Nxd6 Nd4 18. Qa4 Qc7 19. h3 Be6 20. Bc4 Bxc4 21. Qxc4+ Kh8 22. Ncb5 Nxb5 23. Nxb5 Qe7 24. 0-0 Nh5 25. Nd6 Nf4 26. g3 Qd7 27. gxf4 Qxh3 28. Kf2 exf4 29. Bd4 f3 30. Bxg7+ Kxg7 31. Qd4+ Kg8 32. Qd5+ Kh8 33. Qe5+ Kg8 34. Rg1 Qh4+ 35. Qg3 Qh6 36. Rad1 Qg7 37. e5 Qc7 38. Ne4 Qc6 39. Qg4 Rae8 40. Rd6 Qb5 41. Qxg6+ 1-0

[Event "Avoine op 15th"]
[Site "Avoine"]
[Date "2000.??.??"]
[Round "9"]
[White "Olarasu, Gabriela"]
[Black "Dubin, Stephane"]
[Result "0-1"]
[WhiteElo "2373"]
[BlackElo "2123"]
[PlyCount "92"]
[EventDate "2000.07.03"]
[EventType "swiss"]
[EventRounds "9"]
[EventCountry "FRA"]
[SourceTitle "EXT 2001"]
[Source "ChessBase"]
[SourceDate "2000.11.22"]
[SourceVersion "1"]
[SourceVersionDate "2000.11.22"]
[SourceQuality "1"]

1. Nf3 Nf6 2. c4 c5 3. Nc3 Nc6 4. e3 d6 5. d4 Bg4 6. d5 Ne5 7. Be2 Nxf3+ 8. Bxf3 Bxf3 9. Qxf3 g6 10. 0-0 Bg7 11. e4 0-0 12. Re1 Nd7 13. Bg5 Re8 14. Rac1 a6 15. Qe2 Rb8 16. a4 Qa5 17. h4 Qb4 18. Bd2 Ne5 19. Nd1 Qxa4 20. f4 Nd7 21. Bc3 b5 22. Bxg7 Kxg7 23. e5 dxe5 24. fxe5 e6 25. d6 bxc4 26. h5 c3 27. Rxc3 Qd4+ 28. Nf2 Rb4 29. h6+ Kxh6 30. Rc2 Kg7 31. Rd2 Qc4 32. Qd1 Reb8 33. Nd3 Rb3 34. Qf3 Qd4+ 35. Rf2 Rf8 36. Qc6 Nb8 37. Qxc5 Rxd3 38. Qxd4 Rxd4 39. Rc2 Nd7 40. Rc7 Rd8 41. Ra7 Ra4 42. Kf2 Ra5 43. b4 Rb5 44. Rxa6 Nxe5 45. Rd1 Rxb4 46. Ra7 Rb5 0-1

[Event "FRA-chB"]
[Site "Toulouse"]
[Date "1995.??.??"]
[Round "3"]
[White "Dubin, Stephane"]
[Black "Tirard, Hugo"]
[Result "0-1"]
[WhiteElo "2200"]
[BlackElo "2345"]
[PlyCount "32"]
[EventDate "1995.08.??"]
[EventType "swiss"]
[EventRounds "11"]
[EventCountry "FRA"]
[SourceTitle "EXT 1998"]
[Source "ChessBase"]
[SourceDate "1997.11.17"]
[SourceVersion "1"]
[SourceVersionDate "1997.11.17"]
[SourceQuality "1"]

1. f4 g6 2. Nf3 Bg7 3. e3 Nf6 4. Be2 0-0 5. 0-0 c5 6. Qe1 Nc6 7. d3 d5 8. Qh4 b5 9. Nbd2 c4 10. a3 Qb6 11. d4 b4 12. Ne5 bxa3 13. bxa3 Nxd4 14. exd4 Qxd4+ 15. Kh1 Qxa1 16. Ndf3 Bf5 0-1

[Event "FRA-ch Accession"]
[Site "Chambery"]
[Date "1994.??.??"]
[Round "4"]
[White "Nataf, Igor Alexandre"]
[Black "Dubin, Stephane"]
[Result "1-0"]
[WhiteElo "2315"]
[BlackElo "2230"]
[PlyCount "78"]
[EventDate "1994.??.??"]
[EventType "swiss"]
[EventRounds "11"]
[EventCountry "FRA"]
[SourceTitle "EXT 2004"]
[Source "ChessBase"]
[SourceDate "2003.11.25"]
[SourceVersion "1"]
[SourceVersionDate "2003.11.25"]
[SourceQuality "1"]

1. e4 Nc6 2. Nf3 d6 3. Bb5 Nf6 4. Qe2 Bd7 5. 0-0 e5 6. c3 Be7 7. d4 a6 8. Bc4 0-0 9. Rd1 Re8 10. dxe5 dxe5 11. Bxf7+ Kxf7 12. Qc4+ Kf8 13. Ng5 Nd5 14. exd5 Na5 15. Nxh7+ Kf7 16. Qe4 Rh8 17. b4 g6 18. Ng5+ Bxg5 19. Bxg5 Qxg5 20. Nd2 Qh5 21. Nf3 Rae8 22. Re1 Kf6 23. bxa5 Bf5 24. Qe3 g5 25. Kf1 g4 26. Ng1 Qxh2 27. Rad1 Bd7 28. c4 Rh5 29. Qg3 Qxg3 30. fxg3 Ke7 31. Rb1 Bc8 32. Ke2 Rh2 33. Kd1 Rxg2 34. Rxe5+ Kf7 35. Rxe8 Kxe8 36. Ne2 Ke7 37. c5 Kf6 38. Kd2 Ke5 39. Ke3 Kf6 1-0